Online Catalogue and eLibrary

Healing the wounds : (Record no. 5854)

MARC details
000 -LEADER
fixed length control field 00579nam a2200205Ia 4500
005 - DATE AND TIME OF LATEST TRANSACTION
control field 20240821024927.0
008 - FIXED-LENGTH DATA ELEMENTS--GENERAL INFORMATION
fixed length control field 240331s9999 xx 000 0 und d
020 ## - INTERNATIONAL STANDARD BOOK NUMBER
ISBN 9789555801324
082 ## - DDC Classification
Item Number - Author Mark HER
Class No. 613.042
245 #0 - TITLE STATEMENT
Title Healing the wounds :
Remainder of title rebuilding Sri Lanka after the war
260 ## - PUBLICATION, DISTRIBUTION, ETC.
Place of publication, distribution, etc. Colombo and Kandy
Name of publisher, distributor, etc. International Centre for Ethnic Studies
Date of publication, distribution, etc. 2012
300 ## - PHYSICAL DESCRIPTION
Extent (e.g. Volumes, Pages etc.) xi, 209 p .,
650 ## - SUBJECT ADDED ENTRY--TOPICAL TERM
Topical term or geographic name entry element Ethnicity
650 ## - SUBJECT ADDED ENTRY--TOPICAL TERM
Topical term or geographic name entry element Politics
650 ## - SUBJECT ADDED ENTRY--TOPICAL TERM
Topical term or geographic name entry element Cultural
650 ## - SUBJECT ADDED ENTRY--TOPICAL TERM
Topical term or geographic name entry element Social
700 ## - ADDED ENTRY--PERSONAL NAME
Personal name Herath, Dhammika.
Relator term (Role) Editor
700 ## - ADDED ENTRY--PERSONAL NAME
Personal name Silva, Kalinga Tudor.
Relator term (Role) Editor
942 ## - Koha item type (Biblio)
Koha item type Books in Stacks (Lending)
Holdings
Lost status Damaged status Collection code Home library Current library Shelving location Date acquired Full call number Accession Number Item type
    Lending WERC Library WERC Library Social Science Cupboard 03/31/2024 613.042 HER 6846 Books in Stacks (Lending)

© WERC Library